| 000 | 00740nam 22002053 4500 | ||
|---|---|---|---|
| 001 | 199077 | ||
| 010 | _a978-972-31-1294-8 | ||
| 021 |
_aPT _b300383/09 |
||
| 090 | _a199077 | ||
| 100 | _a20251117d u||y0pory50 ba | ||
| 200 |
_aModos de objectificação da dominação colonial : o caso do Museu do Dundo,1940-1970 _fNuno Porto |
||
| 210 |
_aLisboa _cFundação Calouste Gulbenkian: Fundação para a Ciência e a Tecnologia _d2009 |
||
| 215 |
_a[XXV], 699, [2] p. _cil. ; brochado _d23 cm |
||
| 225 | _aTextos universitários de ciências sociais e humanas | ||
| 606 |
_914822 _aOrganizações. Exposições. Museus |
||
| 675 |
_a069 _vPT _zpor |
||
| 700 |
_914979 _aPorto _bNuno _f1965- |
||
| 801 |
_aPT _bBMMN _gRPC |
||
| 830 | _cVanda | ||
| 990 | _cLIVROS | ||